| 000 | 00835nam a2200241Ii 4500 | ||
|---|---|---|---|
| 003 | JO-AjNU | ||
| 008 | 230605s9999||||xx |||||||||||||| ||und|| | ||
| 017 | _a1423/5093 | ||
| 020 | _a9960-687-71-6 | ||
| 040 |
_aJO-AjNU _bara _erda _cJO-AjNU |
||
| 041 | _aara | ||
| 050 | 1 | 4 | _aBP161.2.N3364 2003 |
| 100 | 3 |
_aالنحوي،عدنان علي رضا محمد, _eauthor _98031 |
|
| 245 | 0 | 0 | _aمنهج لقاء المؤمنين |
| 250 | _aط2 | ||
| 264 | 3 | 1 | _aالرياض: دار النحوي للنشر والتوزيع، 2003 |
| 300 | _a207ص | ||
| 336 |
_atext _btxt _2rdacontent |
||
| 337 |
_aunmediated _bn _2rdamedia |
||
| 338 |
_avolume _bnc _2rdacarrier |
||
| 490 | 0 | _aالى لقاء المؤمنين وبناء الجيل المؤمن | |
| 650 | 4 |
_aالتربية الاسلامية- الاخلاق الاسلامية _98032 |
|
| 999 |
_aA581 _c4149 _d4149 |
||